000
00214nam a22000857a 4500
999
_c
11466
_d
11466
008
190525b ||||| |||| 00| 0 eng d
020
_a
9789384603519
100
_9
7183
_a
ROUTHAN.TARUN
245
_a
LEARN TO PLAY TAEKWONDO